Szentgyörgyi Pál visszautasítja Szabó László vádjait

Elmentve itt :
Bibliográfiai részletek
Szerzők: Szentgyörgyi Pál
Szabó László
Dokumentumtípus: Cikk
Megjelent: 2008-08-06
Sorozat:Délmagyarország 98 No. 183
Kulcsszavak:Szentgyörgyi Pál, Szabó László, Szeged, Politikai élet
Online Access:http://dmarchiv.bibl.u-szeged.hu/140487
LEADER 00572nab a2200169 i 4500
001 delm140487
005 20200107084437.0
008 200107s2008 hu o 0|| hun d
040 |a SZTE Délmagyarország Archívum  |b hun 
041 |a hun 
100 1 |a Szentgyörgyi Pál 
245 1 0 |a Szentgyörgyi Pál visszautasítja Szabó László vádjait  |h [elektronikus dokumentum] /  |c  Szentgyörgyi Pál 
260 |c 2008-08-06 
300 |a 10 
490 0 |a Délmagyarország  |v 98 No. 183 
695 |a Szentgyörgyi Pál, Szabó László, Szeged, Politikai élet 
700 0 1 |a Szabó László  |e aut